5HLuxD.jpg

KING HENRY VIII SENIOR AND PRIMARY SCHOOL LIBRARY OPAC

Bloom : (Record no. 1359)

000 -LEADER
fixed length control field 01739cam a2200361 a 4500
001 - CONTROL NUMBER
control field .b24979570
003 - CONTROL NUMBER IDENTIFIER
control field OSt
005 - DATE AND TIME OF LATEST TRANSACTION
control field 20221228160059.0
008 - FIXED-LENGTH DATA ELEMENTS--GENERAL INFORMATION
fixed length control field 170703t20182018nyua j b 000 0beng d
020 ## - INTERNATIONAL STANDARD BOOK NUMBER
International Standard Book Number 9780062447616 :
040 ## - CATALOGING SOURCE
Original cataloging agency YDX
Language of cataloging eng
Description conventions rda
Transcribing agency YDX
Modifying agency BTCTA
-- BDX
-- CHILD
-- FM0
-- ILC
-- LNC
-- NYP
-- IGA
-- CLE
-- ZAC
-- EHH
-- OCLCF
-- ORK
-- D9M
-- OCLCQ
-- OCLCO
-- YBM
-- PRSPR
-- OCLCA
-- IAI
-- FCU
-- KH8
041 0# - LANGUAGE CODE
Language code of text/sound track or separate title eng
042 ## - AUTHENTICATION CODE
Authentication code nbic
044 ## - COUNTRY OF PUBLISHING/PRODUCING ENTITY CODE
MARC country code xxu
Local subentity code nyu
082 0# - DEWEY DECIMAL CLASSIFICATION NUMBER
Classification number 746.92092 MAC
Item number S329
090 ## - LOCALLY ASSIGNED LC-TYPE CALL NUMBER (OCLC); LOCAL CALL NUMBER (RLIN)
Classification number (OCLC) (R) ; Classification number, CALL (RLIN) (NR) d/grace/20210707
100 1# - MAIN ENTRY--PERSONAL NAME
Personal name Maclear, Kyo.
Relator term author
245 10 - TITLE STATEMENT
Title Bloom :
Remainder of title a story of fashion designer Elsa Schiaparelli /
Statement of responsibility, etc. words by Kyo Maclear ; pictures by Julie Morstad.
246 30 - VARYING FORM OF TITLE
Title proper/short title Story of fashion designer Elsa Schiaparelli.
250 ## - EDITION STATEMENT
Edition statement 1st ed.
260 #1 - PUBLICATION, DISTRIBUTION, ETC.
Place of publication, distribution, etc. New York, NY :
Name of publisher, distributor, etc. Harper, an imprint of HarperCollinsPublishers,
Date of publication, distribution, etc. [2018]
300 ## - PHYSICAL DESCRIPTION
Extent 1 v. (unpaged) :
Other physical details col. ill. ;
Dimensions ;
-- 30 cm.
504 ## - BIBLIOGRAPHY, ETC. NOTE
Bibliography, etc. note Includes bibliographical references.
520 ## - SUMMARY, ETC.
Summary, etc. By the 1930s Elsa Schiaparelli had captivated the fashion world in Paris, but before that, she was a little girl in Rome who didn't feel pretty at all. Bloom: a story of fashion designer Elsa Schiaparelli is the enchanting story for young readers of how a young girl used her imagination and emerged from plain to extraordinary.
600 10 - SUBJECT ADDED ENTRY--PERSONAL NAME
Personal name Schiaparelli, Elsa,
Dates associated with a name 1890-1973
Form subdivision Juvenile literature.
650 #0 - SUBJECT ADDED ENTRY--TOPICAL TERM
Topical term or geographic name entry element Fashion designers
Geographic subdivision Italy
Form subdivision Biography
-- Juvenile literature.
650 #0 - SUBJECT ADDED ENTRY--TOPICAL TERM
Topical term or geographic name entry element Women fashion designers
Form subdivision Biography
-- Juvenile literature.
650 #0 - SUBJECT ADDED ENTRY--TOPICAL TERM
Topical term or geographic name entry element Costume design
General subdivision History
Chronological subdivision 20th century
Form subdivision Juvenile literature.
650 #0 - SUBJECT ADDED ENTRY--TOPICAL TERM
Topical term or geographic name entry element Fashion designers
Form subdivision Juvenile literature.
650 #0 - SUBJECT ADDED ENTRY--TOPICAL TERM
Topical term or geographic name entry element Picture books.
700 1# - ADDED ENTRY--PERSONAL NAME
Personal name Morstad, Julie.
Relator term illustrator
942 ## - ADDED ENTRY ELEMENTS (KOHA)
Source of classification or shelving scheme
Koha item type Books - Non Ficton
Holdings
Withdrawn status Lost status Source of classification or shelving scheme Damaged status Not for loan Collection code Permanent Location Current Location Shelving location Date acquired Total Checkouts Full call number Barcode Date due Date last seen Date last checked out Price effective from Koha item type
          Non-Fiction KH8 Primary School Library KH8 Primary School Library Non Fiction 2022-12-28 2 746.92092 MAC KHPL000003137 2023-06-14 2023-05-31 2023-05-31 2022-12-28 Books - Non Ficton

Powered By KH8 IT Dept